000 00846nam a2200229Ia 4500
999 _c65271
_d65271
005 20240530110816.0
008 140319s2008 au a f b 000 0 ara d
017 _a2008/13259
_bمصر. دار الكتب
020 _a9789776297579
040 _aGCL /
_cGCL
082 0 4 _221
_a792.0962 /
_bس م
100 1 _aسادجروف ، فيليب
245 1 2 _aالمسرح المصرى فى القرن التاسع عشر ( 1799 - 1882 ) /
_cتأليف فيليب سادجروف ؛ ترجمة عمرو زكريا عبدالله
250 _aط.1
260 _aالقاهرة :
_bالمؤلف،
_c2008 .
300 _a386 ص. :
_bايض. ؛
_c24 سم.
650 0 7 _aالمسرح
_2qrmak
650 0 7 _aالمسرح المصرى
_yالقرن التاسع عشر
651 _2qrmak
942 _2ddc
_cBK